| 000 | 01187nam0a22002891 4500 | ||
|---|---|---|---|
| 001 | rc\3975609 | ||
| 005 | 20250611043059.0 | ||
| 021 |
_aRU _b[55-5799ж] |
||
| 035 | _a(NLR Aleph) 008058484 | ||
| 090 |
_a8987400 _c8987400 |
||
| 100 | _a20130415d1955 |||y0rusy50 ca | ||
| 101 | 0 | _arus | |
| 102 | _aRU | ||
| 105 | _aa b ||||| | ||
| 200 | 1 |
_aРегулирование перекатов сплавных рек _fМ-во лесной пром-сти СССР. Техн. упр. по лесозаготовкам и сплаву. Центр. науч.-исслед. ин-т лесосплава ЦНИИЛесосплава |
|
| 210 |
_aЛенинград _cБ. и. _d1955 |
||
| 215 |
_a82 с. _cил. _d22 |
||
| 225 | 1 |
_aТехническая информация _v(№ 108) |
|
| 320 | _aБиблиогр.: с. 80 (23 назв.) | ||
| 606 |
_aРеки сплавные _xРусло _xРегулирование _2psbo |
||
| 606 |
_aПерекаты песчаные _xУглубление _2psbo |
||
| 700 | 1 |
_aПанов _bН.Н. _gНиколай Николаевич |
|
| 801 | 0 |
_aRU _bNLR _gpsbo |
|
| 801 | 1 |
_aRU _bELAR _2rusmarc |
|
| 852 |
_aNLR _jП13/351 |
||
| 942 | _cBOOK | ||
| 980 | _aNB | ||